[Event "294th YMCA Autumn C"]
[Site "Warsaw"]
[Date "2024.10.16"]
[Round "4"]
[White "Glowacki, Mateusz"]
[Black "Przybylski, Marek"]
[Result "1/2-1/2"]
[WhiteElo "1635"]
[BlackElo "1609"]
[PlyCount "39"]
[EventDate "2024.09.25"]
[EventType "tourn"]
[EventRounds "1"]
[EventCountry "POL"]
[SourceDate "2024.09.25"]

1. e4 e5 2. Bc4 Nf6 3. d3 Nc6 4. Nc3 Bc5 5. f4 d6 6. Nf3 Bg4 7. h3 Bxf3 8. Qxf3
Nd4 9. Qg3 Qe7 10. fxe5 dxe5 11. Bg5 c6 12. O-O-O b5 13. Bxf6 Qxf6 14. Rhf1
Qh6+ 15. Kb1 bxc4 16. Qxe5+ Ne6 17. d4 Be7 18. d5 O-O 19. dxe6 Qxe6 20. Qxe6
1/2-1/2

[Event "294th YMCA Autumn C"]
[Site "Warsaw"]
[Date "2024.10.16"]
[Round "4"]
[White "Hartman, Aleksander"]
[Black "Marczukiewicz, Slawomir"]
[Result "1-0"]
[WhiteElo "1683"]
[BlackElo "1637"]
[PlyCount "67"]
[EventDate "2024.09.25"]
[EventType "tourn"]
[EventRounds "1"]
[EventCountry "POL"]
[SourceDate "2024.09.25"]

1. e4 c6 2. d4 d5 3. e5 Bf5 4. h4 h5 5. Bg5 Qb6 6. Bd3 Bxd3 7. Qxd3 e6 8. Nd2
Qa6 9. Qb3 Qb6 10. Ne2 Qxb3 11. axb3 Na6 12. c3 c5 13. O-O Ne7 14. Bxe7 Bxe7
15. g3 Kd7 16. Rfd1 g5 17. hxg5 Bxg5 18. Nf3 Be7 19. dxc5 Nxc5 20. b4 Na6 21.
Nfd4 Nc7 22. f4 a6 23. Kf2 Rag8 24. Kf3 f5 25. Rh1 Rg4 26. Rh3 Bd8 27. Rah1 h4
28. Nc1 Nb5 29. Nxb5 axb5 30. Nd3 b6 31. Nf2 Be7 32. Nxg4 fxg4+ 33. Kxg4 Rg8+
34. Kf3 1-0

[Event "294th YMCA Autumn C"]
[Site "Warsaw"]
[Date "2024.10.15"]
[Round "4"]
[White "Wiktorowski, Janusz"]
[Black "Matyszkiewicz, Radoslaw"]
[Result "0-1"]
[WhiteElo "1648"]
[BlackElo "1542"]
[PlyCount "102"]
[EventDate "2024.09.25"]
[EventType "tourn"]
[EventRounds "1"]
[EventCountry "POL"]
[SourceDate "2024.09.25"]

1. e4 c5 2. Nf3 e6 3. d4 cxd4 4. Nxd4 a6 5. a3 Qc7 6. Nc3 Nf6 7. Be2 Nc6 8. Be3
Be7 9. O-O b5 10. b4 Bb7 11. f3 O-O 12. Nxc6 Qxc6 13. Qd2 Rad8 14. Bf2 d5 15.
e5 Nd7 16. Bd4 f6 17. f4 fxe5 18. fxe5 Nb6 19. Bd3 Nc4 20. Qe2 Bg5 21. Qh5 Bh6
22. g4 Nd2 23. Rxf8+ Rxf8 24. Kg2 Ne4 25. Ne2 Qe8 26. Qxe8 Rxe8 27. Bxe4 dxe4
28. Bc5 e3+ 29. Kg3 Rd8 30. Nd4 Bd5 31. h4 g5 32. hxg5 Bxg5 33. Rd1 Rd7 34. Rf1
Bc4 35. Re1 Rf7 36. Nxe6 Bxe6 37. Bxe3 Bxe3 38. Rxe3 Rc7 39. c3 Rc4 40. Rd3
Rxg4+ 41. Kf3 Rc4 42. Ke3 Rc6 43. Kf4 Kf7 44. Kg5 Kg7 45. Rg3 Bf7 46. Kf4+ Bg6
47. Re3 Rc4+ 48. Kg3 Bf5 49. Kf3 Kf7 50. Kg3 Ke6 51. Re2 Rxc3+ 0-1

[Event "294th YMCA Autumn C"]
[Site "Warsaw"]
[Date "2024.10.18"]
[Round "4"]
[White "Sokolowski, Marcin"]
[Black "Klask, Franciszek"]
[Result "0-1"]
[WhiteElo "1600"]
[BlackElo "1672"]
[PlyCount "132"]
[EventDate "2024.09.25"]
[EventType "tourn"]
[EventRounds "1"]
[EventCountry "POL"]
[SourceDate "2024.09.25"]

1. d4 Nf6 2. Bf4 e6 3. e3 d5 4. Nd2 Bd6 5. Bg3 O-O 6. Bd3 c5 7. c3 Nc6 8. Ngf3
Re8 9. Ne5 Qc7 10. f4 c4 11. Bc2 b5 12. Bh4 Be7 13. g4 Nxe5 14. fxe5 Ne4 15.
Bxe7 Qxe7 16. Nxe4 dxe4 17. Bxe4 Bb7 18. Bxb7 Qxb7 19. O-O Qe4 20. Qf3 Qxf3 21.
Rxf3 Rab8 22. Rf2 h6 23. Rb1 b4 24. cxb4 Rxb4 25. Rc2 Reb8 26. a3 Rb3 27. Rxc4
Rxa3 28. Rc8+ Rxc8 29. bxa3 Rc3 30. Rb8+ Kh7 31. Rb7 Rxa3 $11 32. Rxf7 Rxe3 33.
Kf2 Rd3 34. Rxa7 Rxd4 35. Kf3 Rd5 36. Ke4 Rc5 37. Ra6 Rc4+ 38. Kf3 Rc3+ 39. Kf2
Rc2+ $11 40. Ke3 Rxh2 41. Rxe6 g5 42. Rf6 Kg7 43. Ke4 Ra2 44. Kf5 Rf2+ 45. Ke6
Rd2 46. Ke7 Ra2 47. Rd6 Ra4 48. e6 Rxg4 49. Kd8 Ra4 50. Rc6 Ra8+ 51. Rc8 Kf6
52. Rxa8 Kxe6 53. Ra5 Kf6 54. Kd7 h5 55. Kd6 h4 56. Kd5 Kf5 57. Kd4+ Kf4 58.
Kd3 h3 59. Ke2 h2 60. Ra1 Kg3 61. Rf1 g4 62. Ke1 Kg2 63. Rf2+ Kh3 64. Rf1 g3
65. Rf8 h1=Q+ 66. Ke2 Qe4+ 0-1

[Event "294th YMCA Autumn C"]
[Site "Warsaw"]
[Date "2024.10.16"]
[Round "4"]
[White "Kuc, Mariusz"]
[Black "Kozera, Konrad"]
[Result "0-1"]
[WhiteElo "1684"]
[BlackElo "1576"]
[PlyCount "136"]
[EventDate "2024.09.25"]
[EventType "tourn"]
[EventRounds "1"]
[EventCountry "POL"]
[SourceDate "2024.09.25"]

1. e4 c5 2. Nf3 d6 3. Bb5+ Bd7 4. Bxd7+ Qxd7 5. d4 cxd4 6. Nxd4 Nf6 7. f3 Nc6
8. c4 g6 9. Be3 Bg7 10. Nc3 O-O 11. Qd2 Rac8 12. b3 a6 13. Rd1 Rfd8 14. Nde2
Ne8 15. Nd5 Rb8 16. O-O Nf6 17. Bb6 Rdc8 18. Nxf6+ Bxf6 19. f4 Qg4 20. Rf3 Bh4
21. Nc3 Re8 22. Nd5 Nd8 23. Ne3 Qc8 24. f5 Qc6 25. fxg6 Qxb6 26. gxh7+ Kh8 27.
Kh1 Bg5 28. Qc3+ e5 29. Nf5 Re6 30. Rg3 Rg6 31. h4 Bf4 32. Rf3 f6 33. Rxd6 Qc7
34. Qd3 Nc6 35. Rd7 Qc8 36. Qd6 Qf8 37. c5 Qxd6 38. Rxd6 Rd8 39. Rfd3 Rxd6 40.
Rxd6 Nd4 41. Rd8+ Kxh7 42. Nxd4 exd4 43. Rxd4 Be3 44. Rd5 Rg4 45. g3 Rxg3 46.
Kh2 Rg4 47. e5 Rd4 48. Rd6 Rxd6 49. cxd6 fxe5 50. Kg2 Kg6 51. d7 Bb6 52. Kf3
Bd8 53. Ke4 Bxh4 54. Kxe5 Kf7 55. Kd6 Bg3+ 56. Kc5 Bc7 57. b4 Ke7 58. a4 Kxd7
59. b5 b6+ 60. Kc4 a5 61. Kd5 Bd8 62. Ke5 Bh4 63. Kd5 Bg3 64. Kd4 Kd6 65. Kc4
Bf2 66. Kc3 Kc5 67. Kb3 Be1 68. Ka3 Kc4 0-1

[Event "294th YMCA Autumn C"]
[Site "Warsaw"]
[Date "2024.10.24"]
[Round "5"]
[White "Kozera, Konrad"]
[Black "Niedzwiecki, Marek"]
[Result "0-1"]
[WhiteElo "1576"]
[BlackElo "1618"]
[PlyCount "60"]
[EventDate "2024.09.25"]
[EventType "tourn"]
[EventRounds "1"]
[EventCountry "POL"]
[SourceDate "2024.09.25"]

1. e4 e5 2. Nf3 Nc6 3. Bc4 Bc5 4. c3 d6 5. d4 exd4 6. cxd4 Bb4+ 7. Nc3 Nf6 8.
O-O Bg4 9. a3 Ba5 10. b4 Bb6 11. Qb3 Bxf3 12. Bxf7+ Kf8 13. gxf3 Nxd4 14. Qc4
Nxf3+ 15. Kh1 Ne5 16. Qb3 Nxf7 17. Nd5 Nxe4 18. Nxb6 cxb6 19. Qf3 d5 20. Bb2
Rg8 21. Rg1 Qd6 22. Rg2 Re8 23. Rag1 g6 24. Rg4 Ke7 25. Rxe4+ dxe4 26. Qxe4+
Kf8 27. Qxb7 Qe7 28. Qg2 Qe4 29. f3 Qe2 30. Qh3 Qxb2 0-1

[Event "294th YMCA Autumn C"]
[Site "Warsaw"]
[Date "2024.10.23"]
[Round "5"]
[White "Klask, Franciszek"]
[Black "Kuc, Mariusz"]
[Result "1/2-1/2"]
[WhiteElo "1672"]
[BlackElo "1684"]
[PlyCount "93"]
[EventDate "2024.09.25"]
[EventType "tourn"]
[EventRounds "1"]
[EventCountry "POL"]
[SourceDate "2024.09.25"]

1. d4 Nf6 2. Nf3 e6 3. c4 b6 4. Nc3 Bb4 5. a3 Bxc3+ 6. bxc3 Bb7 7. Bg5 h6 8.
Bh4 d5 9. cxd5 exd5 10. e3 O-O 11. Ne5 Re8 12. Bb5 c6 13. Bd3 Qd6 14. O-O Nbd7
15. Nxd7 Nxd7 16. Qf3 Nf8 17. Bg3 Qf6 18. Qg4 Bc8 19. Qf4 Ng6 20. Qxf6 gxf6 21.
c4 Be6 22. Rac1 Rac8 23. Rfe1 Red8 $11 24. cxd5 cxd5 25. Ba6 Rxc1 26. Rxc1 Kg7
27. Bc7 Rg8 28. g3 Ne7 29. Bf4 Bc8 30. Rc7 Bxa6 31. Rxa7 Ng6 32. Rxa6 Nxf4 33.
gxf4 Rb8 34. Ra4 Kg6 35. Rb4 Kf5 36. Kf1 Ke6 37. Ke2 Kd6 38. Kf3 f5 39. Rb1 Kc6
40. Rg1 Kb5 41. Rg7 Rb7 42. Rg8 Ra7 43. Rd8 Kc4 44. Rc8+ Kb3 45. Rc1 Kb2 46.
Rc6 Rb7 47. Ke2 $11 1/2-1/2

[Event "294th YMCA Autumn C"]
[Site "Warsaw"]
[Date "2024.11.06"]
[Round "5"]
[White "Matyszkiewicz, Radoslaw"]
[Black "Sokolowski, Marcin"]
[Result "0-1"]
[WhiteElo "1542"]
[BlackElo "1600"]
[PlyCount "42"]
[EventDate "2024.09.25"]
[EventType "tourn"]
[EventRounds "1"]
[EventCountry "POL"]
[SourceDate "2024.09.25"]

1. e4 c5 2. Nf3 d6 3. d4 cxd4 4. Nxd4 Nf6 5. Nc3 a6 6. f4 e6 7. e5 dxe5 8. fxe5
Nd5 9. Ne4 Qh4+ 10. Ng3 Bb4+ 11. Kf2 Bc5 12. c3 Nc6 13. Qh5 Bxd4+ 14. cxd4
Qxd4+ 15. Ke1 Nxe5 16. Qe2 Bd7 17. Bg5 Bb5 18. Qd2 Qxd2+ 19. Kxd2 f6 20. Bxb5+
axb5 21. Be3 Nc4+ 0-1

[Event "294th YMCA Autumn C"]
[Site "Warsaw"]
[Date "2024.10.22"]
[Round "5"]
[White "Marczukiewicz, Slawomir"]
[Black "Wiktorowski, Janusz"]
[Result "0-1"]
[WhiteElo "1637"]
[BlackElo "1648"]
[PlyCount "70"]
[EventDate "2024.09.25"]
[EventType "tourn"]
[EventRounds "1"]
[EventCountry "POL"]
[SourceDate "2024.09.25"]

1. d4 d5 2. c3 h6 3. Bf4 e6 4. Nf3 Nc6 5. Nbd2 Nf6 6. e3 Bd6 7. Ne5 Nd7 8. Ndf3
Qf6 9. Bb5 O-O 10. Bxc6 bxc6 11. Qa4 Nb6 12. Qc2 Ba6 13. a4 Bc8 14. O-O a5 15.
Bg3 c5 16. dxc5 Bxc5 17. Nd4 Bd6 18. Ndc6 Bb7 19. b4 Bxc6 20. Nxc6 axb4 21. a5
b3 22. Qxb3 Nc4 23. Rfd1 Ra6 24. Nb8 Bxg3 25. hxg3 Rd6 26. Qb4 Qd8 27. Rdb1 Qc8
28. Qc5 Kh7 29. a6 Qxb8 30. Rxb8 Rxb8 31. Qxc7 Rdd8 32. a7 Ra8 33. Qxf7 Re8 34.
Rb1 Nd6 35. g4 Nxf7 0-1

[Event "294th YMCA Autumn C"]
[Site "Warsaw"]
[Date "2024.10.23"]
[Round "5"]
[White "Sobieraj, Filip"]
[Black "Glowacki, Mateusz"]
[Result "0-1"]
[WhiteElo "1697"]
[BlackElo "1635"]
[PlyCount "44"]
[EventDate "2024.09.25"]
[EventType "tourn"]
[EventRounds "1"]
[EventCountry "POL"]
[SourceDate "2024.09.25"]

1. e4 c5 2. Nf3 a6 3. c3 d5 4. exd5 Nf6 5. c4 e6 6. dxe6 Bxe6 7. Be2 Nc6 8. d3
Bd6 9. O-O Qc7 10. Nc3 Ng4 11. h3 h5 12. Ne4 O-O-O 13. Nxd6+ Qxd6 14. hxg4 hxg4
15. Nh4 Rxh4 16. g3 Rh7 17. Bf4 Rdh8 18. Bxg4 Rh1+ 19. Kg2 R8h2+ 20. Kf3 Bxg4+
21. Kxg4 Qe6+ 22. Kf3 Nd4# 0-1

[Event "294th YMCA Autumn C"]
[Site "Warsaw"]
[Date "2024.10.23"]
[Round "5"]
[White "Jazdzyk, Bartosz"]
[Black "Ossolinski, Michal"]
[Result "0-1"]
[WhiteElo "1663"]
[BlackElo "1612"]
[PlyCount "202"]
[EventDate "2024.09.25"]
[EventType "tourn"]
[EventRounds "1"]
[EventCountry "POL"]
[SourceDate "2024.09.25"]

1. e4 d5 2. exd5 Nf6 3. Bb5+ Bd7 4. Be2 Nxd5 5. d4 e6 6. c4 Nf6 7. Nc3 Be7 8.
Nf3 O-O 9. Be3 h6 10. a3 Na6 11. b4 c6 12. Qc2 Nc7 13. O-O a5 14. Qb2 b5 15. c5
Nfd5 16. Ne5 Bf6 17. Ne4 Be7 18. Qd2 Nxe3 19. fxe3 Nd5 20. Nf3 Be8 21. Bd3 f6
22. Nc3 Bf7 23. Ne2 axb4 24. axb4 Qb8 25. e4 Nc7 26. Qb2 Qb7 27. Rxa8 Rxa8 28.
Ra1 Rxa1+ 29. Qxa1 Qa6 30. Qb2 Kf8 31. Bc2 g5 32. Bb3 Bg6 33. Nc3 Bf7 34. Nd1
Bg6 35. Nf2 h5 36. g4 hxg4 37. Nxg4 Bxe4 38. Nxg5 Bd5 39. Bxd5 exd5 40. Qf2 Kg7
41. Kg2 fxg5 42. Ne5 Bf6 43. Qf5 Qa2+ 44. Kg3 Qb3+ 45. Kg4 Qd1+ 46. Nf3 Bxd4
47. Qd7+ Kg6 48. Qf5+ Kh6 49. Qxg5+ Kh7 50. Qe7+ Bg7 51. Qh4+ Kg8 52. Qd8+ Kh7
53. Qh4+ Kg8 54. Qd8+ Kh7 55. Qxc7 Qe2 56. Qf4 Qc4 57. Ng5+ Kg6 58. Ne6 Bc3 59.
h4 Bxb4 60. h5+ Kh7 61. Nd4 Bxc5 62. Qf7+ Kh8 63. Qf6+ Kg8 64. Qe6+ Kf8 65.
Qc8+ Kf7 66. Qd7+ Be7 67. Qe6+ Ke8 68. Qc8+ Bd8 69. Qe6+ Kf8 70. Qf5+ Ke8 71.
Qe5+ Be7 72. Kf5 Qf1+ 73. Kg4 Qg2+ 74. Kf4 Qh2+ 75. Kf5 Qxh5+ 76. Kf4 Qxe5+ 77.
Kxe5 Kd7 78. Nc2 Bd6+ 79. Kd4 Ke6 80. Kc3 c5 81. Ne1 b4+ 82. Kc2 c4 83. Nf3 Be5
84. Nd2 Kd6 85. Nf3 Bf6 86. Kb1 Kc5 87. Kc2 b3+ 88. Kb1 Kb4 89. Ne1 d4 90. Kb2
c3+ 91. Kb1 c2+ 92. Kc1 Kc3 93. Nxc2 Bg5+ 94. Ne3 Bxe3+ 95. Kd1 b2 96. Ke2 b1=Q
97. Kf3 Qf5+ 98. Kg2 Kd3 99. Kh2 Ke2 100. Kh1 Kf3 101. Kh2 Qh5# 0-1

[Event "294th YMCA Autumn C"]
[Site "Warsaw"]
[Date "2024.10.30"]
[Round "6"]
[White "Glowacki, Mateusz"]
[Black "Jazdzyk, Bartosz"]
[Result "1/2-1/2"]
[WhiteElo "1635"]
[BlackElo "1663"]
[PlyCount "59"]
[EventDate "2024.09.25"]
[EventType "tourn"]
[EventRounds "1"]
[EventCountry "POL"]
[SourceDate "2024.09.25"]

1. e4 e6 2. Nf3 d5 3. e5 c5 4. b4 cxb4 5. d4 Nc6 6. a3 Bd7 7. axb4 Bxb4+ 8. c3
Be7 9. Bd3 f5 10. O-O a6 11. Re1 b5 12. Ba3 Bxa3 13. Rxa3 Na5 14. Nbd2 Ne7 15.
Ng5 h6 16. Nh3 Bc6 17. Nf4 Kd7 18. Qh5 g5 19. Ng6 Nxg6 20. Qxg6 Nc4 21. Nxc4
bxc4 22. Bxf5 Qe7 23. Bg4 h5 24. Rea1 hxg4 25. Rxa6 Rxa6 26. Rxa6 Bb7 27. Rd6+
Kc7 28. Rxe6 Qh7 29. Qxh7+ Rxh7 30. Rg6 1/2-1/2

[Event "294th YMCA Autumn C"]
[Site "Warsaw"]
[Date "2024.11.14"]
[Round "6"]
[White "Hartman, Aleksander"]
[Black "Sobieraj, Filip"]
[Result "1-0"]
[WhiteElo "1683"]
[BlackElo "1697"]
[PlyCount "33"]
[EventDate "2024.09.25"]
[EventType "tourn"]
[EventRounds "1"]
[EventCountry "POL"]
[SourceDate "2024.09.25"]

1. e4 e6 2. d4 d5 3. Nd2 dxe4 4. Nxe4 Nf6 5. Nxf6+ gxf6 6. Nf3 Nc6 7. Bf4 Rg8
8. Qd2 Bg7 9. Bb5 a6 10. Bxc6+ bxc6 11. Qa5 e5 12. dxe5 fxe5 13. Bxe5 Qe7 14.
O-O-O Bxe5 15. Nxe5 Rg5 16. Rhe1 Be6 17. Qc3 1-0

[Event "294th YMCA Autumn C"]
[Site "Warsaw"]
[Date "2024.10.29"]
[Round "6"]
[White "Wiktorowski, Janusz"]
[Black "Przybylski, Marek"]
[Result "0-1"]
[WhiteElo "1648"]
[BlackElo "1609"]
[PlyCount "66"]
[EventDate "2024.09.25"]
[EventType "tourn"]
[EventRounds "1"]
[EventCountry "POL"]
[SourceDate "2024.09.25"]

1. e4 e5 2. Nf3 Nc6 3. Bc4 Bc5 4. c3 Nf6 5. d3 d6 6. O-O O-O 7. h3 h6 8. Be3
Bb6 9. Nbd2 Re8 10. Bb3 Be6 11. Bc2 d5 12. Bxb6 axb6 13. Qe2 Qd7 14. a3 d4 15.
c4 Qd6 16. Nh2 g6 17. Ng4 Nxg4 18. hxg4 g5 19. Qf3 Kg7 20. Qh3 Bd7 21. f3 Qg6
22. Kf2 Rh8 23. Rh1 Nd8 24. Nf1 Ne6 25. Qh5 Nf4 26. Qh2 h5 27. Qg3 hxg4 28.
Rxh8 Rxh8 29. Nh2 gxf3 30. Nxf3 f6 31. a4 Nh5 32. Qh2 g4 33. Nh4 g3+ 0-1

[Event "294th YMCA Autumn C"]
[Site "Warsaw"]
[Date "2024.10.25"]
[Round "6"]
[White "Sokolowski, Marcin"]
[Black "Marczukiewicz, Slawomir"]
[Result "1-0"]
[WhiteElo "1600"]
[BlackElo "1637"]
[PlyCount "68"]
[EventDate "2024.09.25"]
[EventType "tourn"]
[EventRounds "1"]
[EventCountry "POL"]
[SourceDate "2024.09.25"]

1. d4 g6 2. Bf4 Bg7 3. e3 Nf6 4. Be2 d6 5. h3 O-O 6. Nf3 Nbd7 7. O-O Re8 8. Bh2
Ne4 9. Nbd2 Nxd2 10. Qxd2 e5 11. c4 e4 12. Ne1 Nf6 13. Nc2 d5 14. cxd5 Nxd5 15.
Nb4 c6 16. Rac1 Be6 17. Nxd5 Bxd5 18. Bc4 Bf8 19. a3 Qd7 20. Rfd1 Rad8 21. Qa5
b6 22. Qa6 Rc8 23. Rc3 Bxc4 24. Rxc4 c5 25. Rdc1 b5 26. R4c2 c4 27. b3 Re6 28.
Qa5 Rb6 29. Be5 f6 30. Bg3 Qb7 31. bxc4 Rxc4 32. Rxc4 bxc4 33. Rxc4 Ra6 34. Qd8
Rc6 1-0

[Event "294th YMCA Autumn C"]
[Site "Warsaw"]
[Date "2024.10.22"]
[Round "6"]
[White "Kuc, Mariusz"]
[Black "Matyszkiewicz, Radoslaw"]
[Result "1-0"]
[WhiteElo "1684"]
[BlackElo "1542"]
[PlyCount "97"]
[EventDate "2024.09.25"]
[EventType "tourn"]
[EventRounds "1"]
[EventCountry "POL"]
[SourceDate "2024.09.25"]

1. e4 c5 2. Nf3 e6 3. g3 g6 4. d3 Nc6 5. c3 Bg7 6. Bg2 Nf6 7. O-O O-O 8. Qe2 d5
9. Re1 dxe4 10. dxe4 e5 11. h3 b6 12. Na3 Ne8 13. Bg5 f6 14. Rad1 Qe7 15. Bc1
Nc7 16. Nd2 Ba6 17. Qg4 Rad8 18. f4 exf4 19. gxf4 Bc8 20. Qg3 Qf7 21. b3 Ba6
22. Nf1 Rxd1 23. Rxd1 Rd8 24. Qe1 Qe7 25. Ne3 b5 26. Nd5 Nxd5 27. exd5 Qxe1+
28. Rxe1 Nb8 29. c4 b4 30. Nb5 Bxb5 31. cxb5 Kf7 32. a4 Rd6 33. Be3 Nd7 34. Rc1
f5 35. Kf1 Bc3 36. a5 Kf6 37. Ke2 h6 38. Kd3 g5 39. Kc4 gxf4 40. Bxf4 Be5 41.
Bxh6 f4 42. h4 Kf5 43. Bh3+ Kg6 44. Bg5 Nf6 45. Bg2 Ng4 46. Be4+ Kf7 47. Kxc5
Nf2 48. Bf5 Kf8 49. Rf1 1-0

[Event "294th YMCA Autumn C"]
[Site "Warsaw"]
[Date "2024.10.22"]
[Round "6"]
[White "Kozera, Konrad"]
[Black "Klask, Franciszek"]
[Result "0-1"]
[WhiteElo "1576"]
[BlackElo "1672"]
[PlyCount "64"]
[EventDate "2024.09.25"]
[EventType "tourn"]
[EventRounds "1"]
[EventCountry "POL"]
[SourceDate "2024.09.25"]

1. e4 c6 2. Nc3 d5 3. Nf3 dxe4 4. Nxe4 Nf6 5. Qe2 Nxe4 6. Qxe4 Nd7 7. d4 Nf6 8.
Qd3 g6 9. Bg5 Bg7 10. Be2 Bf5 11. Qb3 Qc7 12. Ne5 O-O 13. Bc4 Nd5 14. Nf3 Be4
15. O-O-O b5 16. Be2 a5 17. Nd2 Bf5 18. g4 Be6 19. Ne4 Nf6 20. Nxf6+ exf6 21.
Qe3 fxg5 22. Qxg5 Rad8 23. h4 Bxd4 24. h5 Be5 25. Qh4 Bf4+ 26. Kb1 g5 27. Qh3
Qe5 28. Bd3 h6 29. Rhe1 Qc5 30. Rxe6 fxe6 31. Qf3 Qe5 32. a3 Bc1 0-1

[Event "294th YMCA Autumn C"]
[Site "Warsaw"]
[Date "2024.11.08"]
[Round "7"]
[White "Klask, Franciszek"]
[Black "Niedzwiecki, Marek"]
[Result "0-1"]
[WhiteElo "1672"]
[BlackElo "1618"]
[PlyCount "62"]
[EventDate "2024.09.25"]
[EventType "tourn"]
[EventRounds "1"]
[EventCountry "POL"]
[SourceDate "2024.09.25"]

1. d4 c5 2. d5 e5 3. e4 Nf6 4. Bg5 Qb6 5. Bxf6 Qxf6 6. Nf3 d6 7. Bb5+ Bd7 8.
Bxd7+ Nxd7 9. c4 Qd8 10. Nc3 Be7 11. O-O O-O 12. Qe2 f5 13. exf5 Rxf5 14. Ne4
Qe8 15. Ng3 Rf4 16. Qc2 Nb6 17. b3 h5 18. Rac1 Qf7 19. Ne2 Rg4 20. h3 Rg6 21.
Ng3 Rf8 22. Rfe1 h4 23. Nf1 Rxg2+ 24. Kxg2 Qxf3+ 25. Kh2 Bg5 26. Re3 Bf4+ 27.
Kg1 Bxe3 28. fxe3 Qxh3 29. Qg2 Qf5 30. Rc2 h3 31. Qh2 Qxf1# 0-1

[Event "294th YMCA Autumn C"]
[Site "Warsaw"]
[Date "2024.11.05"]
[Round "7"]
[White "Kozera, Konrad"]
[Black "Matyszkiewicz, Radoslaw"]
[Result "0-1"]
[WhiteElo "1576"]
[BlackElo "1542"]
[PlyCount "86"]
[EventDate "2024.09.25"]
[EventType "tourn"]
[EventRounds "1"]
[EventCountry "POL"]
[SourceDate "2024.09.25"]

1. e4 c5 2. Nf3 e6 3. d4 cxd4 4. Nxd4 a6 5. Bd3 Qc7 6. O-O Nf6 7. h3 Nc6 8. Be3
b5 9. Nxc6 Qxc6 10. Nd2 Bb7 11. Re1 Be7 12. Bd4 d6 13. Nf3 e5 14. Bc3 Nd7 15.
Rc1 Nc5 16. Bd2 Na4 17. Rb1 Rc8 18. c3 Nc5 19. Bc2 a5 20. b4 axb4 21. cxb4 Ne6
22. Bb3 Qd7 23. Bc1 Bf6 24. Bb2 g5 25. Nh2 h5 26. Qf3 Nf4 27. Rbd1 Rg8 28. g4
Rh8 29. Kh1 hxg4 30. Qxg4 Nxh3 31. Qxd7+ Kxd7 32. Kg2 Nxf2 33. Rf1 Nxd1 34.
Rxf6 Bxe4+ 35. Kg1 Nxb2 36. Rxf7+ Ke8 37. Ng4 Nc4 38. Ra7 Rf8 39. a4 Nd2 40.
Ba2 bxa4 41. b5 Rc1+ 42. Kh2 Rh1+ 43. Kg3 Nf1# 0-1

[Event "294th YMCA Autumn C"]
[Site "Warsaw"]
[Date "2024.11.08"]
[Round "7"]
[White "Przybylski, Marek"]
[Black "Sokolowski, Marcin"]
[Result "1/2-1/2"]
[WhiteElo "1609"]
[BlackElo "1600"]
[PlyCount "71"]
[EventDate "2024.09.25"]
[EventType "tourn"]
[EventRounds "1"]
[EventCountry "POL"]
[SourceDate "2024.09.25"]

1. d4 Nf6 2. Nf3 g6 3. e3 Bg7 4. Be2 d6 5. O-O O-O 6. Nbd2 Nbd7 7. b3 e5 8. Bb2
Nd5 9. c4 Ne7 10. dxe5 Nxe5 11. Nxe5 dxe5 12. Nf3 Nc6 13. Qxd8 Rxd8 14. Rad1
Bf5 15. Rxd8+ Rxd8 16. Rd1 Rxd1+ 17. Bxd1 Bd3 18. Ne1 Bb1 19. a3 Ba2 20. Nf3 e4
21. Bxg7 Kxg7 22. Nd2 f5 23. f3 exf3 24. gxf3 a5 25. Kf2 Ne5 26. Ke2 g5 27. f4
gxf4 28. exf4 Ng4 29. h3 Nf6 30. Kd3 Ne4 31. Nxe4 Bb1+ 32. Ke3 Bxe4 33. Bf3
Bxf3 34. Kxf3 c5 35. a4 Kg6 36. Kg3 1/2-1/2

[Event "294th YMCA Autumn C"]
[Site "Warsaw"]
[Date "2024.11.05"]
[Round "7"]
[White "Sobieraj, Filip"]
[Black "Wiktorowski, Janusz"]
[Result "1-0"]
[WhiteElo "1697"]
[BlackElo "1648"]
[PlyCount "55"]
[EventDate "2024.09.25"]
[EventType "tourn"]
[EventRounds "1"]
[EventCountry "POL"]
[SourceDate "2024.09.25"]

1. e4 e5 2. Nf3 Nc6 3. Bc4 Bc5 4. c3 Nf6 5. d4 exd4 6. cxd4 Bb4+ 7. Bd2 Bxd2+
8. Nbxd2 O-O 9. O-O d6 10. Re1 Bg4 11. Qc2 h6 12. h3 Bh5 13. e5 Bg6 14. Qxg6 d5
15. Qc2 dxc4 16. exf6 Qxf6 17. Qxc4 Rad8 18. Nb3 Rd7 19. Ne5 Nxe5 20. dxe5 Qg6
21. e6 Re7 22. exf7+ Rexf7 23. Re7 Qf5 24. Rxf7 Rxf7 25. Qe2 b6 26. Rd1 Rf8 27.
Nd4 Qf6 28. Qe6+ 1-0

[Event "294th YMCA Autumn C"]
[Site "Warsaw"]
[Date "2024.11.06"]
[Round "7"]
[White "Jazdzyk, Bartosz"]
[Black "Hartman, Aleksander"]
[Result "1-0"]
[WhiteElo "1663"]
[BlackElo "1683"]
[PlyCount "57"]
[EventDate "2024.09.25"]
[EventType "tourn"]
[EventRounds "1"]
[EventCountry "POL"]
[SourceDate "2024.09.25"]

1. e4 g6 2. d4 Bg7 3. Be3 c5 4. c3 Nf6 5. e5 Nd5 6. Bc4 Nb6 7. Bxf7+ Kxf7 8.
dxc5 Bxe5 9. cxb6 d5 10. Nf3 Bf6 11. O-O axb6 12. Bd4 Nc6 13. Re1 Nxd4 14. cxd4
Bf5 15. Qb3 e6 16. Nc3 Qc7 17. Nb5 Qd7 18. Ne5+ Bxe5 19. Rxe5 Rhc8 20. Rae1 Rc4
21. h3 h5 22. g4 hxg4 23. hxg4 Bxg4 24. Qg3 Bf5 25. Nd6+ Ke7 26. Nxc4 dxc4 27.
d5 Rxa2 28. Qh4+ Kd6 29. dxe6 1-0

[Event "294th YMCA Autumn C"]
[Site "Warsaw"]
[Date "2024.11.06"]
[Round "7"]
[White "Ossolinski, Michal"]
[Black "Glowacki, Mateusz"]
[Result "0-1"]
[WhiteElo "1612"]
[BlackElo "1635"]
[PlyCount "118"]
[EventDate "2024.09.25"]
[EventType "tourn"]
[EventRounds "1"]
[EventCountry "POL"]
[SourceDate "2024.09.25"]

1. e4 c5 2. Nf3 a6 3. d4 cxd4 4. Nxd4 Nf6 5. f3 e5 6. Nb3 Bb4+ 7. c3 Be7 8. Be3
d5 9. exd5 Nxd5 10. Bf2 O-O 11. Bc4 Nf4 12. Qxd8 Rxd8 13. N1d2 Nxg2+ 14. Kf1
Bh3 15. Kg1 Nf4 16. Re1 Bg2 17. Rxe5 Bxh1 18. Rxe7 Nh3+ 19. Kxh1 Nxf2+ 20. Kg2
Nc6 21. Bxf7+ Kh8 22. Rxb7 Nd3 23. Nc4 Nce5 24. Nxe5 Nxe5 25. Nd4 Nxf7 26. Rxf7
Kg8 27. Rc7 Rdc8 28. Rd7 Rab8 29. b3 Rxc3 30. Ra7 Rb6 31. Kg3 Rf6 32. Kg4 Rc1
33. h4 Rd1 34. Nf5 Rg1+ 35. Kf4 g6 36. Ra8+ Kf7 37. Ra7+ Ke8 38. Ra8+ Kd7 39.
Ra7+ Kc8 40. Rxh7 Rxf5+ 41. Ke3 Rg3 42. Ra7 Rfxf3+ 43. Ke4 Rf6 44. Ke5 Rb6 45.
Kf4 Rg2 46. a4 Kb8 47. Rg7 Rxb3 48. h5 Rf2+ 49. Ke4 gxh5 50. a5 h4 51. Rg6 h3
52. Rxa6 h2 53. Rh6 Rb1 54. Ke3 Ra2 55. Rh8+ Kc7 56. Rh7+ Kd8 57. a6 h1=Q 58.
a7 Qxh7 59. a8=Q+ Rxa8 0-1

[Event "294th YMCA Autumn C"]
[Site "Warsaw"]
[Date "2024.11.15"]
[Round "8"]
[White "Niedzwiecki, Marek"]
[Black "Glowacki, Mateusz"]
[Result "1/2-1/2"]
[WhiteElo "1618"]
[BlackElo "1635"]
[PlyCount "78"]
[EventDate "2024.09.25"]
[EventType "tourn"]
[EventRounds "1"]
[EventCountry "POL"]
[SourceDate "2024.09.25"]

1. e4 c5 2. Nf3 a6 3. c3 d5 4. exd5 Nf6 5. d4 cxd4 6. Qxd4 Qxd5 7. Qxd5 Nxd5 8.
Bc4 Nf6 9. O-O e6 10. Be3 b5 11. Bd3 Nbd7 12. b4 Bb7 13. a4 bxa4 14. Rxa4 Be7
15. Nbd2 Nd5 16. Bd4 O-O 17. Rb1 Bf6 18. Bxf6 N7xf6 19. Rb3 Nf4 20. Bf1 Ne4 21.
Nxe4 Bxe4 22. Ra1 Rfd8 23. Rba3 Bb7 24. Ne5 Rac8 25. g3 Nd5 26. c4 Nxb4 27. Rb3
Nc2 28. Ra2 Be4 29. Rxa6 f6 30. f3 Ba8 31. Nd3 Nd4 32. Rbb6 Nxf3+ 33. Kf2 Nd2
34. Nf4 Nxf1 35. Kxf1 Rxc4 36. Rxe6 Rcd4 37. Re1 Bd5 38. Ra7 Bc4+ 39. Kg2 R4d7
1/2-1/2